Minecraft banner patterns - Statistics

General Stats
  • This quiz has been taken 12 times
  • The average score is 4 of 8
Answer Stats
Answer % Correct
Flow
80%
Snout
60%
Thing
60%
Flower charge
40%
Globe
40%
Creeper charge
30%
Guster
30%
Skull charge
20%
No matching quizzes found
Score Distribution
Percent of People with Each Score
Percentile by Number Answered
Your Score History
You have not taken this quiz